Słynni Polacy Z Wskazówkami - Statystyki

Ogólne statystyki
  • Ten quiz został rozwiązany 91 razy
  • Średni wynik to 12 z 15
Statystyki odpowiedzi
Z czego zaśłyneli Kto to % Poprawnych
Pierwszy papież Polak Jan Paweł II (Karol Wojtyła)
97%
Wstrzymał Słońce Ruszył ZIemie Mikołaj Kopernik
96%
Prezydent Rzeczpospolitej odwrześnia 2021 roku Andrzej Duda
95%
Skoczek Narcarski (czterokrotnyzdobywca pucharu świata) Adam Małysz
93%
Obecny Kapitan ReprezentacjiPolski W Piłce Nożnej (2023) Robert Lewandowski
93%
Najsłynniejszy Polski Kompozytor Fryderyk Chopin
92%
kwiecień 2010, Smoleńsk [*] Lech Kaczyński
92%
Laureat pokojowej nagrodynobla za obalenie komunizmu w Polsce Lech Wałęsa
89%
Laureatka nagrody nobla z dziedzinyliteratury. Sanah nagrała piosenką "Nic Dwa Razy" z tekstu jej wiersza Wisława Szymborska
86%
Pierwiastek Polan Maria Skłodowska Curie
82%
Spotkała ją nagła sława po wypuszczeniuPiosenki Szampan (Napisz pseudonim) Sanah
74%
obecnie jest jurorem the voice kids poland. Nagrałwiele hitów a jego nazwisko kojarzy się z kwiatem Dawid Kwiatkowski
68%
Stworzył wiele hitów dzieciństwa dla roczników2005-2011. Występował w męskim graniu. Jego największe hity to "Małomiasteczkowy" i "Mori". Dawid Podsiadło
67%
Niespełna rok temu (2022) nagrałahit "Kiedyś Do Ciebie Wrócę" Agnieszka Chylińska
52%
Ofiara jednego z nielicznych udanych zamachów w Polsce. Został zamordowany na publicznym wydarzeniu w Gdańsku. Paweł Adamowicz
42%
Nie znaleziono quizów pasujących do podanych kryteriów
Rozkład punktacji
Procent ludzi z każdym wynikiem
Percentyl według liczby udzielonych odpowiedzi
Twoja historia wyników
Nie rozwiązałeś tego quizu